Statistics for Picture Quiz: famous people, first name starts with B

Click here to take the quiz!

General Stats

  • This quiz has been taken 114 times
  • The average score is 7 of 15

Answer Stats

Answer% Correct
Barack Obama
99%
Benjamin Franklin
89%
Ben Stiller
82%
Beyonce
74%
Barbra Streisand
71%
Barry Gibb
61%
Bryan Adams
54%
Brigitte Bardot
51%
Barry White
47%
Betty Ford
40%
Brian Clough
22%
Belinda Carlisle
15%
Bobby Gillespie
6%
Bernadette Devlin
4%
Bertrand Russell
3%

Score Distribution

Percentile by Number Answered

Percent of People with Each Score

Your Score History

You have not taken this quiz